000 00676nam a2200217Ii 4500
001 20449
003 CO-ViMGA
008 241108s9999||||xx |||||||||||||| ||und||
020 _a9781607380252
040 _aCO-ViMGA
_bspa
_erda
_cCO-ViMGA
041 0 _aspa
082 0 4 _a158.24 C78pa
100 1 _aCamilo Cruz
_945327
245 1 0 _aLa parábola del triunfador :
_bcartas a mis hijos
264 1 _aMiami, Estados Unidos : Taller del Éxito, [Fecha de publicación no identificada]
300 _avolumen
336 _atext
_btxt
_2rdacontent
337 _aunmediated
_bn
_2rdamedia
338 _avolume
_bnc
_2rdacarrier
940 _aidficha_siabuc: 20104. -- ficha_no_siabuc:20449
999 _c39851
_d39851